Ten Countries With Best State Of Democracy By Continent - Statistics

General Stats
  • This quiz has been taken 49 times
  • The average score is 33 of 40
Answer Stats
Continent Country % Correct
Americas Canada
100%
Americas Chile
98%
Europe Iceland
98%
Asia-Oceania Japan
98%
Europe Norway
98%
Asia-Oceania South Korea
98%
Europe Sweden
98%
Europe Switzerland
98%
Americas Argentina
95%
Asia-Oceania Australia
95%
Americas Costa Rica
95%
Europe Denmark
95%
Europe Finland
95%
Europe Germany
95%
Europe Netherlands
95%
Asia-Oceania New Zealand
95%
Americas United States
95%
Americas Uruguay
95%
Africa South Africa
93%
Europe Ireland
90%
Americas Panama
90%
Asia-Oceania Israel
83%
Europe Luxembourg
83%
Africa Botswana
81%
Asia-Oceania Taiwan
81%
Africa Namibia
79%
Africa Mauritius
76%
Africa Tunisia
76%
Africa Cape Verde
74%
Asia-Oceania India
71%
Americas Jamaica
71%
Africa Ghana
62%
Africa Lesotho
62%
Americas Trinidad and Tobago
62%
Americas Colombia
60%
Asia-Oceania Cyprus
52%
Asia-Oceania East Timor
45%
Asia-Oceania Malaysia
45%
Africa Senegal
45%
Africa Madagascar
43%
No matching quizzes found
Score Distribution
Percent of People with Each Score
Percentile by Number Answered
Your Score History
You have not taken this quiz